000 00238nam a22001097a 4500
082 _a621.042 BOI'E
100 _aENERCON
_979556
245 _aBOILER WATER TREATMENT
260 _aISLAMABAD
_bENERCON
_c1989
300 _a174P
942 _cBK
999 _c584581
_d584581